000 01175nam a2200265Ia 4500
003 OSt
005 20200903121100.0
008 191128s2013 ck ad gr 000 0 spa d
020 _a9789588489308
040 _aCO-JMCR
_cCO-JMCR
041 0 _aspa
082 0 4 _a378.007 /
_bG659e
_223
082 _b
100 1 _aGonzalez García, Efrén Alberto,
_eautor
_99704
245 1 0 _aEficacia Universitaria. avances hacia un modelo :
_bavances hacia un modelo /
_cEfrén Alberto Gonzalez García
250 _aprimera edición
260 _aBogotá :
_bEcoe Ediciones,
_c2013.
300 _axxi, 298 páginas :
_bdiagramas, gráficos a blanco y negro ;
_c25 cm.
500 _aIncluye datos biográficos del autor en solapa frontal.
504 _aBibliografía : páginas 267-275.
505 0 _a¿Qué importancia tiene y qué vaciós desea superar la investigación sobre eficacia universitaria? -- ¿Cuáles son los orígenes, los modelos y resultados de la eficacia escolar a nivel nacional e internacional? -- ¿qué factores y variables componen un modelo
650 2 4 _aDesarrollo de la educación
_99705
650 2 4 _aEducación superior
_95582
942 _2ddc
_cBK
999 _c6021
_d6021